Jesus in John's gospel : (Record no. 10524)

MARC details
000 -LEADER
fixed length control field 02441cam a2200361Ii 4500
001 - CONTROL NUMBER
control field 959036289
003 - CONTROL NUMBER IDENTIFIER
control field OCoLC
005 - DATE AND TIME OF LATEST TRANSACTION
control field 20241128103500.0
007 - PHYSICAL DESCRIPTION FIXED FIELD--GENERAL INFORMATION
fixed length control field ta
008 - FIXED-LENGTH DATA ELEMENTS--GENERAL INFORMATION
fixed length control field 160922t20172017miu b 001 0 eng d
010 ## -
-- 2017289168
020 ## - INTERNATIONAL STANDARD BOOK NUMBER
International Standard Book Number 0802875114
Qualifying information (pbk.)
020 ## - INTERNATIONAL STANDARD BOOK NUMBER
International Standard Book Number 9780802875112
Qualifying information (pbk.)
035 ## - SYSTEM CONTROL NUMBER
System control number (OCoLC)959036289
040 ## - CATALOGING SOURCE
Original cataloging agency YDX
Language of cataloging eng
Transcribing agency YDX
Modifying agency BDX
-- OCLCQ
-- KPS
-- WIO
-- ISS
-- OCLCF
-- CNNTC
-- ICW
-- STF
-- ZWZ
-- W2U
-- OCLCA
-- DLC
-- KTS
-- J9U
050 #4 -
-- BS2615.52
-- .L63 2017
082 04 - DEWEY DECIMAL CLASSIFICATION NUMBER
Classification number 226.506
Edition information 23
Item number LOA
100 1# - MAIN ENTRY--PERSONAL NAME
Personal name Loader, William R. G.,
Dates associated with a name 1944-
9 (RLIN) 18322
245 10 - TITLE STATEMENT
Title Jesus in John's gospel :
Remainder of title structure and issues in Johannine Christology /
Statement of responsibility, etc. William Loader ; [foreword by Harold W. Attridge]
264 #1 - PRODUCTION, PUBLICATION, DISTRIBUTION, MANUFACTURE, AND COPYRIGHT NOTICE
Place of production, publication, distribution, manufacture Grand Rapids, Michigan :
Name of producer, publisher, distributor, manufacturer William B. Eerdmans Publishing Company,
Date of production, publication, distribution, manufacture, or copyright notice 2017
264 #4 - PRODUCTION, PUBLICATION, DISTRIBUTION, MANUFACTURE, AND COPYRIGHT NOTICE
Date of production, publication, distribution, manufacture, or copyright notice ℗♭2017
300 ## - PHYSICAL DESCRIPTION
Extent x, 532 pages ;
Dimensions 23 cm
336 ## - CONTENT TYPE
Content type term text
Content type code txt
Source rdacontent
337 ## - MEDIA TYPE
Media type term unmediated
Media type code n
Source rdamedia
338 ## - CARRIER TYPE
Carrier type term volume
Carrier type code nc
Source rdacarrier
504 ## - BIBLIOGRAPHY, ETC. NOTE
Bibliography, etc. note Includes bibliographical references (pages 485-513) and indexes
505 0# - FORMATTED CONTENTS NOTE
Formatted contents note Part one : The structure of Johannine Christology -- Identifying the central structure -- A survey of the gospel -- The structure : an outline -- Part two : Issues of Johannine Christology -- The death of Jesus in John -- The salvation event in John -- The fourth gospel in the light of its Christology
520 ## - SUMMARY, ETC.
Summary, etc. The culmination of a lifetime of work on the Gospel of John, William Loader's Jesus in John's Gospel explores the Fourth Gospel with a focus on ways in which attention to the structure of Christology in John allows for greater understanding of Johannine themes and helps resolve long-standing interpretive impasses. Following an introductory examination of Rudolf Bultmann's profound influence on Johannine studies, Loader turns to the central interpretive issues and debates surrounding Johannine Christology, probing particularly the death of Jesus in John, the salvation event in John, and the Fourth Gospel in light of its Christology. The exhaustive bibliography and careful, well-articulated conclusions take into account the latest research on John, ensuring that this volume will be useful to scholars and students alike
600 00 - SUBJECT ADDED ENTRY--PERSONAL NAME
Personal name Jesus Christ
General subdivision Person and offices
9 (RLIN) 268
630 00 - SUBJECT ADDED ENTRY--UNIFORM TITLE
Uniform title Bible.
Name of part/section of a work John
General subdivision Criticism, interpretation, etc
9 (RLIN) 1842
655 #7 - INDEX TERM--GENRE/FORM
Genre/form data or focus term Criticism, interpretation, etc.
Source of term fast
Authority record control number or standard number (OCoLC)fst01411635
9 (RLIN) 1372
942 ## - ADDED ENTRY ELEMENTS (KOHA)
Source of classification or shelving scheme Dewey Decimal Classification
Koha item type Books
Holdings
Withdrawn status Lost status Source of classification or shelving scheme Damaged status Not for loan Home library Current Library Shelving location Date acquired Total checkouts Full call number Barcode Date last seen Copy number Price effective from Koha item type
    Dewey Decimal Classification     GRACE BIBLE COLLEGE GRACE BIBLE COLLEGE Biblical Studies 2024-11-25   226.506 LOA 020863 2025-05-01 c.1 2024-11-25 Books
© Grace Bible College Library 2025